Normal view
MARC view
- القصة العربية - الترجمة
Entry Topical Term
001 - CONTROL NUMBER
- control field: 48811
003 - CONTROL NUMBER IDENTIFIER
- control field: JO-AjAnu
005 - DATE AND TIME OF LATEST TRANSACTION
- control field: 20230606082040.0
008 - FIXED-LENGTH DATA ELEMENTS
- fixed length control field: 230606|| aca||aabn | a|a d
040 ## - CATALOGING SOURCE
- Original cataloging agency: JO-AjAnu
- Transcribing agency: JO-AjAnu
150 ## - HEADING--TOPICAL TERM
- Topical term or geographic name entry element: القصة العربية - الترجمة
670 ## - SOURCE DATA FOUND
- Source citation: Work cat.: (JO-AjAnu)24968: ابو الشعر، عقيل؛ ترجمة وتحقيق وائل غصاب الربضي؛ قراءة وتقديم هند أبو الشعر, author 48810, الانتقام: رواية عن يوميات مهاجر فرنسي الى الدومنيكان